[Event "Pan American-ch School U15 12th"]
[Site "Callao"]
[Date "2023.10.20"]
[Round "8"]
[White "Calcina Arroyo, Richard Antonio Axe"]
[Black "Acosta Vera, Yerans Vincent"]
[Result "1-0"]
[WhiteElo "1427"]
[BlackElo "1196"]
[PlyCount "101"]
[EventDate "2023.10.16"]
[EventType "swiss"]
[EventRounds "9"]
[EventCountry "PER"]
[SourceTitle "CBM 217 Extra"]
[Source "ChessBase"]
[SourceDate "2024.01.31"]
[SourceVersion "1"]
[SourceVersionDate "2024.01.31"]
[SourceQuality "1"]

1. d4 d5 2. Bf4 c5 3. e3 Nf6 4. c3 Qb6 5. Qc1 Bf5 6. Nd2 Nbd7 7. Ngf3 e6 8. Be2 Be7 9. 0-0 h6 10. Ne5 0-0 11. Re1 Rac8 12. Ndf3 Rfd8 13. a4 a5 14. Bb5 Nxe5 15. Nxe5 Bd6 16. f3 Qc7 17. Qd2 Nd7 18. Nxd7 Rxd7 19. Bxd7 Qxd7 20. Bxd6 Qxd6 21. Rac1 c4 22. e4 Bg6 23. exd5 exd5 24. Qe3 Bd3 25. Qe5 Qc6 26. Re3 Rd8 27. Qe7 Rc8 28. Qa3 Qg6 29. Rce1 Bf5 30. b4 Bh3 31. R1e2 Qb1+ 32. Kf2 Rc6 33. Re1 Qc2+ 34. R3e2 Qd3 35. Re3 Qd2+ 36. R1e2 Qd1 37. Re8+ Kh7 38. Qb2 Rg6 39. g3 Qf1+ 40. Ke3 Bf5 41. Qd2 Qa1 42. Re5 Be6 43. bxa5 Qxa4 44. Kf2 Qxa5 45. f4 Rf6 46. Qc2+ Kg8 47. Kg2 g6 48. Qb2 Bf5 49. Qxb7 Be4+ 50. R2xe4 dxe4 51. Rxa5 1-0

[Event "Pan American-ch School U15 12th"]
[Site "Callao"]
[Date "2023.10.19"]
[Round "7"]
[White "Acosta Vera, Yerans Vincent"]
[Black "Ramirez Espino, Alessandro"]
[Result "1/2-1/2"]
[WhiteElo "1196"]
[BlackElo "1498"]
[PlyCount "133"]
[EventDate "2023.10.16"]
[EventType "swiss"]
[EventRounds "9"]
[EventCountry "PER"]
[SourceTitle "CBM 217 Extra"]
[Source "ChessBase"]
[SourceDate "2024.01.31"]
[SourceVersion "1"]
[SourceVersionDate "2024.01.31"]
[SourceQuality "1"]

1. d4 Nf6 2. Bf4 c5 3. e3 Nd5 4. Bxb8 Rxb8 5. dxc5 Qa5+ 6. Qd2 Qxc5 7. Nf3 e6 8. Be2 Qb6 9. c3 Nf6 10. 0-0 d5 11. Qc2 Bd7 12. Nbd2 Rc8 13. Qb3 Qc7 14. Rac1 Bc6 15. Bb5 Qb6 16. Nd4 Bc5 17. Bxc6+ bxc6 18. Qxb6 axb6 19. b4 Bxd4 20. cxd4 Ke7 21. Nf3 Nd7 22. a4 h6 23. Rc2 Ra8 24. a5 bxa5 25. bxa5 Kd6 26. Rfc1 Rhc8 27. Ne5 Nxe5 28. dxe5+ Kxe5 29. Rxc6 Rxc6 30. Rxc6 Rxa5 31. g3 Ra4 32. Kg2 Rc4 33. Ra6 Rc7 34. Rb6 g5 35. Kf3 Rc3 36. Rb7 Kf6 37. Rd7 Rc2 38. Rb7 h5 39. h3 Rd2 40. Rb8 d4 41. exd4 Rxd4 42. Rh8 Kg6 43. Rg8+ Kf6 44. Rh8 h4 45. g4 Rf4+ 46. Kg2 Kg7 47. Re8 Re4 48. Kf3 Re1 49. Rb8 e5 50. Rb4 Kg6 51. Re4 Rxe4 52. Kxe4 f6 53. f3 Kf7 54. Kf5 Ke7 55. Kg6 Ke6 56. Kh5 Kd6 57. Kg6 Ke6 58. Kh5 Ke7 59. Kg6 Ke6 60. Kh5 Kd5 61. Kg6 Ke6 62. Kh5 Kd6 63. Kg6 Ke6 64. Kh5 Kd5 65. Kg6 Ke6 66. Kh5 Kd5 67. Kg6 1/2-1/2

[Event "Pan American-ch School U15 12th"]
[Site "Callao"]
[Date "2023.10.16"]
[Round "1"]
[White "Acosta Vera, Yerans Vincent"]
[Black "Santivanez Atencio, Tiago Gerard"]
[Result "1/2-1/2"]
[WhiteElo "1196"]
[BlackElo "1587"]
[PlyCount "72"]
[EventDate "2023.10.16"]
[EventType "swiss"]
[EventRounds "9"]
[EventCountry "PER"]
[SourceTitle "CBM 217 Extra"]
[Source "ChessBase"]
[SourceDate "2024.01.31"]
[SourceVersion "1"]
[SourceVersionDate "2024.01.31"]
[SourceQuality "1"]

1. d4 d5 2. Bf4 Nf6 3. e3 e6 4. Nf3 Bd6 5. Ne5 0-0 6. Bd3 c5 7. c3 Nc6 8. Bg3 Qc7 9. f4 b6 10. Nd2 Bb7 11. Bh4 Be7 12. g4 Ne4 13. g5 f6 14. gxf6 Bxf6 15. Qg4 Bxh4+ 16. Qxh4 Nxe5 17. Bxe4 dxe4 18. fxe5 cxd4 19. exd4 e3 20. Ne4 Qc6 21. Nf6+ Rxf6 22. Rg1 Rf7 23. 0-0-0 b5 24. Rde1 Qd5 25. Rxe3 Qxa2 26. Reg3 Qa1+ 27. Kc2 Qa4+ 28. b3 Qa2+ 29. Kd3 Raf8 30. Rxg7+ Rxg7 31. Rxg7+ Kxg7 32. Qe7+ Rf7 33. Qg5+ Kh8 34. Qd8+ Kg7 35. Qg5+ Kh8 36. Qd8+ Kg7 1/2-1/2